| 000 | 01453nam a2200325 i 4500 | ||
|---|---|---|---|
| 001 | 000017850 | ||
| 003 | DO-SdBNP | ||
| 005 | 20250626145628.0 | ||
| 007 | ta | ||
| 008 | 100406t2002 dr ac 001 0dspa d | ||
| 020 | _a9993486418 | ||
| 040 |
_aDO-SdBNP _bspa _cBNPHU _erda |
||
| 082 | 4 |
_a972.93053 _bI43t _222 |
|
| 100 | 1 |
_aInfante, Fernando, _d1935- _eautor _4aut. _938755 |
|
| 245 | 1 | 0 |
_aTrujillo : _baproximación al hombre y a su tiempo / _cFernando Infante ; prólogo, R. A. Font-Bernard |
| 264 | 4 |
_aSanto Domingo : _bEditorial Letra Gráfica, _c©2002. |
|
| 300 |
_a200 páginas : _bilustraciones, retratos ; _c23 cm. |
||
| 336 |
_atexto _btxt _2rdacontent |
||
| 337 |
_asin mediación _bn _2rdamedia |
||
| 338 |
_avolumen _bnc _2rdacarrier |
||
| 500 | _aIncluye datos biográficos del autor en la solapa de la cubierta. | ||
| 504 | _aBibliografía : páginas 185-189 | ||
| 505 | 0 |
_aPrólogo / _rR. A. Font-Bernard-- _tLos años de formación 1891-1930 -- _tEl inicio de la dictadura. 1930-1940-- _tLos años de esplendor. 1941-1951-- _tÉxtasis y agonía. 1950-1955-- _tLa caída. 1955-1961-- _tColofón-- _tBibliografía -- _tÍndice onomástico. |
|
| 590 | _aInventariado, 2024/BT | ||
| 600 | 1 | 0 |
_aTrujillo Molina, Rafael Leónidas, _d 1891-1961 _976764 |
| 650 | 4 |
_aRepública Dominicana _xHistoria _y1930-1961 _988197 |
|
| 700 | 1 |
_aFont-Bernard, R. A., _eprologuista _4pr. _917078 |
|
| 910 | _aValidado. Control de calidad EMS. | ||
| 942 |
_2ddc _cLBS1 |
||
| 999 |
_c17374 _d17374 |
||